000 00334nam a22001457a 4500
008 210303b ||||| |||| 00| 0 eng d
020 _a9781284003918
041 _aeng
080 _a316
082 _a316
100 _a50
101 _aSOC
245 _aSocial & Behavior Theory in Public Health
_cUniversity, T
942 _2udc
_cBK
999 _c55646
_d55646